000 00892nam a2200301 a 4500
999 _c9506
_d9506
001 9506
003 BD-JhCC
005 20180315172942.0
008 971022s1998 txu b 000 0 eng d
020 _a0890797668 (alk. paper)
035 _a(BD-JhCC)9506
040 _aBD-JhCC
_cDLC
_dBD-JhCC
041 _aeng
050 0 0 _aLB1060.2
_b.H348 1998
082 0 0 _a370.15/3
_221
_bHAL 1980
100 1 _aHall, R. Vance
_q(Robert Vance),
_d1928-
245 1 0 _aHow to select reinforcers /
_cR. Vance Hall and Marilyn L. Hall.
250 _a2nd ed.
260 _aAustin, Tex. :
_bPro-Ed.,
_cc1998.
300 _avi, 38 p. ;
_c23 cm.
440 0 _aHow to manage behavior series
504 _aIncludes bibliographical references (p. 37-38).
650 0 _aBehavior modification.
650 0 _aReinforcement (Psychology)
700 1 _aHall, Marilyn C.
942 _2ddc
_cBK